Statistiques concernant Les villes de France les plus sportives (2017)

Cliquez ici pour prendre le quiz!

Statistiques générales

  • Ce quiz a été pris 914 fois
  • Le résultat moyen est 10 sur 14

Statistiques - réponses

Présence en 1ere divisionSports concernésVille% Correct
5Foot,rugby,basket,hand,volleyParis
100%
3Foot,rugby,handLyon
97%
4Foot,rugby,hand,basketToulouse
93%
2Foot,rugbyBordeaux
90%
4Foot,rugby,hand,volleyMontpellier
83%
3Foot,hand,volleyNantes
83%
2Foot,handRennes
81%
2Foot,volleyNice
78%
2Rugby,handToulon
61%
2Foot,basketMonaco
56%
2Foot,basketDijon
46%
2Foot,basketNancy
45%
2Rugby,basketPau
45%
2Hand,volleyDunkerque
16%

Distribution des résultats

Percentile par nombre de réponses

% des personnes avec chaque résultat

Votre développement - résultats

Vous n’avez pas pris ce quiz